000 00661cam a2200205 4500
001 B2576
008 090401t1989 xxu||||| |||| 00| 0 eng d
035 _a(Sirsi) u50949
041 _aeng
050 _a333.33017
090 _aRICS 1989/65ABCD
110 _aRoyal Institution of Chartered Surveyors
_94900
245 _aConflicts of interest in estate agency : preliminary report prepared by the Working Party on Conflicts of Interest in Residential Estate Agency
260 _aLondon
_bRoyal Institution of Chartered Surveyors
_c1989
300 _a14p. ; 30cm.
350 _a1.5
650 _aCONFLICT OF INTEREST
942 _n0
948 _c04/03/1997
999 _c92780
_d92780